Statistiken für Häufigste Wörter der deutschen Sprache

Klicken Sie hier um das Quiz zu spielen!

Allgemein

  • Dieses Quiz wurde 15.602 mal gespielt
  • Das Durchschnittsergebnis liegt bei 21 aus 50

Antwortstatistiken

RangWort% Korrekt
18sie
89%
28ich
87%
19er
86%
17es
85%
1der,die,das (Artikel)
84%
12der,die,das (Relativpronomen)
84%
4sein
80%
39wir
80%
31ihr
75%
3und
72%
5ein
62%
30wie
59%
8haben
56%
34so
50%
27eine
47%
13auf
47%
2in
46%
25können
45%
6zu
44%
33aber
43%
11an
40%
10mit
40%
21als
39%
42oder
38%
16nicht
37%
32um
36%
50wollen
35%
22bei
33%
7von
32%
24dass
30%
43vor
29%
41man
29%
29nach
28%
9werden
28%
15für
27%
38über
26%
40viel
25%
44müssen
25%
20auch
24%
47kein
24%
49sagen
24%
26aus
24%
46sollen
21%
45all
20%
48bis
20%
23dies
19%
37noch
16%
36nur
14%
35Jahr
13%
14sich
12%

Verteilung der Resultate

Perzentil nach korrekt beantworteten Fragen

Anzahl Personen mit jedem Resultat

Ihre Resultats-Entwicklung

Sie haben dieses Quiz noch nicht gespielt